Estatuto orgánico [de la Universidad Iberoamericana] / Reglamento de evaluaciones / Análisis de puesto / Reglamento general de exámenes / Comunicación oficial /

保存先:
書誌詳細
団体著者: Universidad Iberoamericana. Plantel Santa Fe
フォーマット: 図書
言語:スペイン語
出版事項: México : Universidad Iberoamericana, Plantel Santa Fe, 1972
タグ: タグ追加
タグなし, このレコードへの初めてのタグを付けませんか!

MARC

LEADER 00000nam^a2200000^a^4500
001 000454297
005 20250521000000.0
009 20260310123925.238
037 |a Acervo Xavier Clavigero 
041 |a ESP 
091 |a FCA. 04906 
110 |a Universidad Iberoamericana.  |b Plantel Santa Fe 
245 1 0 |a Estatuto orgánico [de la Universidad Iberoamericana] / Reglamento de evaluaciones / Análisis de puesto / Reglamento general de exámenes / Comunicación oficial / 
264 1 |a México :  |b Universidad Iberoamericana, Plantel Santa Fe,  |c 1972 
300 |a 1 v. (varias paginaciones) 
336 |a texto  |b txt  |2 rdacontenido 
337 |a sin mediación  |b n  |2 rdamedio 
338 |a volumen  |b nc  |2 rdasoporte 
649 |a XX 
910 |a Fondo Xavier Cacho Vázquez S.J. 
920 |a Impresos - Libros 
930 |a Fondos Especiales 
905 |a 131 
901 |a 0500376106  |b IT2  |c ESP  |i D  |u 20250521 
902 |a https://opac.biblio.iteso.mx/vufind/Record/000454297